000 00383nam a22001337a 4500
005 20171211145205.0
008 171211b xxu||||| |||| 00| 0 eng d
040 _cPK-LaUMT
082 _aPKAC 297.74
_bSAD-
245 _aSada e muhabat/
_cAshfaq Ahmad Bhtto(Comp)
260 _aحیدرآباد:
_bسندھ نیشنل اکیڈمی ٹرسٹ،
_c2003
300 _a394 ص
942 _cBK
999 _c100683
_d100683